LEADER 01315nam 2200421 450 001 9910810284703321 005 20230817185318.0 010 $a88-921-8283-8 035 $a(CKB)4100000012023147 035 $a(MiAaPQ)EBC5843996 035 $a(Au-PeEL)EBL5843996 035 $a(OCoLC)1273976335 035 $a(EXLCZ)994100000012023147 100 $a20220522d2019 uy 0 101 0 $aita 135 $aurcnu|||||||| 181 $ctxt$2rdacontent 182 $cc$2rdamedia 183 $acr$2rdacarrier 200 10$aCorso di diritto processuale civile$hIII$iL'esecuzione forzata, i procedimenti speciali, l'arbitrato, la mediazione e la negoziazione assistita /$fCrisanto Mandrioli, Antonio carratta 205 $aEditio minor, Sedicesima edizione. 210 1$aTorino :$cG. Giappichelli Editore,$d[2019] 210 4$d©2019 215 $a1 online resource (417 pages) 300 $aIncludes index. 311 $a88-921-2033-6 606 $aCivil procedure$zItaly 615 0$aCivil procedure 676 $a347.4505 700 $aMandrioli$b Crisanto$0227204 702 $aCarratta$b Antonio 801 0$bMiAaPQ 801 1$bMiAaPQ 801 2$bMiAaPQ 906 $aBOOK 912 $a9910810284703321 996 $aCorso di diritto processuale civile$9224719 997 $aUNINA LEADER 01168nam0 22002531i 450 001 UON00413234 005 20231205104749.659 100 $a20121113d1973 |0itac50 ba 101 $ager 102 $aDE 105 $a|||| ||||| 200 1 $a"Himmlische Libes-Küsse" (1671)$eUntersuchungen zu Sprache und Bildlichkeit im Jugendwerk Quirin Kuhlmanns$fvorgelegt von Birgit Biehl-Werner 210 $aHamburg$cUniversität Hamburg$d1973 215 $a278 p.$d21 cm. Dissertation zur Erlangung Würde des Doktors der Philosophie der Universität Hamburg. 606 $aLetteratura tedesca$xSec. 17.-18.$3UONC046406$2FI 620 $aDE$dHamburg$3UONL003222 676 $a830.09$cLetteratura tedesca. Storia, descrizione, studi critici$v21 700 1$aBIEHL-WERNER$bBirgit$3UONV211104$0709294 801 $aIT$bSOL$c20251003$gRICA 899 $aSIBA - SISTEMA BIBLIOTECARIO DI ATENEO$2UONSI 912 $aUON00413234 950 $aSIBA - SISTEMA BIBLIOTECARIO DI ATENEO$dSI TED 20 II KUH - BIE $eSI ST 8578 6 $sBuono 996 $a"Himmlische Libes-Küsse" (1671$91342710 997 $aUNIOR